Quick Pick: Maroon 5 Song Title Endings Quiz Stats

Quiz Updated Feb 7, 2018

Challenge
Share
Tweet
Embed
Score 0/12 Timer 01:00
4 Plays Today
% Correct
Again
96.8%
Jagger
95.9%
You
95.3%
Loved
93%
Wonder
91.7%
Morning
91.1%
Night
90.6%
Bed
90.5%
Breathe
84.1%
Somebody
82.8%
Love
79%
Call
77.3%

Today's Daily Dose

Word Ladder
Antonym Clues II

Quick Pick
Movies of 2014

On This Day
April 24th II

You're not logged in!

Compare scores with friends on all Sporcle quizzes.
Sign Up with Email
OR
Log In

You Might Also Like...

Show Comments

Extras

Top Quizzes Today


Score Distribution

Your Account Isn't Verified!

In order to create a playlist on Sporcle, you need to verify the email address you used during registration. Go to your Sporcle Settings to finish the process.

Report this User

Report this user for behavior that violates our Community Guidelines.

Details: